000 00603nam a22001817a 4500
005 20231024131128.0
008 231024b |||||||| |||| 00| 0 eng d
020 _a0702111465
041 _aEnglish / Afrikaans
082 _a347.1 BAK
100 _aBaker PWE, Erasmus HJ and Farlam IG
_lEnglish/Afrikaans
245 _aThe magistrates' Courts Act /
_cPWE Baker, Erasmus HJ and Farlam IG
250 _aFifth Edition
260 _aCape Town :
_bJuta & Company, Limited,
_c1980
300 _bxvii, 319 pages ;
_c25.5 cm.
650 _aLegal Practice
_bLaw
942 _cBK
_6ALISON_B_N__VRIES
999 _c24
_d24